走路健身法 (Record no. 67513)

000 -LEADER
fixed length control field 00507nam a22001937a 4500
003 - CONTROL NUMBER IDENTIFIER
control field MPLRDC
005 - DATE AND TIME OF LATEST TRANSACTION
control field 20220104202145.0
008 - FIXED-LENGTH DATA ELEMENTS--GENERAL INFORMATION
fixed length control field 210129b ||||| |||| 00| 0 eng d
020 ## - INTERNATIONAL STANDARD BOOK NUMBER
International Standard Book Number 978-7-5502-8052-6
082 ## - DEWEY DECIMAL CLASSIFICATION NUMBER
Classification number 411.16 JZY
100 ## - MAIN ENTRY--PERSONAL NAME
Personal name 金哲彦 KIN TETSUHIKO
245 ## - TITLE STATEMENT
Title 走路健身法
Statement of responsibility, etc. 肖潇 译
250 ## - EDITION STATEMENT
Edition statement 初版一刷
260 ## - PUBLICATION, DISTRIBUTION, ETC.
Place of publication, distribution, etc. 中国
Name of publisher, distributor, etc. 北京联合出版公司
Date of publication, distribution, etc. 2016
300 ## - PHYSICAL DESCRIPTION
Other physical details
520 ## - SUMMARY, ETC.
Summary, etc. 上架 2017-11-16。
650 ## - SUBJECT ADDED ENTRY--TOPICAL TERM
Topical term or geographic name entry element 运动健康法
942 ## - ADDED ENTRY ELEMENTS (KOHA)
Koha item type Book
-- 411.16 JZY
Holdings
Withdrawn status Lost status Source of classification or shelving scheme Damaged status Not for loan Collection code Home library Current library Shelving location Date acquired Cost, normal purchase price Total Checkouts Total Renewals Full call number Barcode Date last seen Date last checked out Price effective from Koha item type Public note
            Malaysian Public Library, Research and Development Centre Malaysian Public Library, Research and Development Centre   15/09/2017 39.60   3 411.16 JZY 00061034 18/03/2021 18/12/2018 18/03/2021 Book mplrdc

© 2022. Malaysian Public Library, Research and Development Centre. All Right ReservedE-mailmplrdc@help.edu.my 

Powered by Koha